Fish or not? - Statistics

General Stats
  • This quiz has been taken 35 times
  • The average score is 3 of 7
Answers on the Grid
Answers color-coded by a green-red scale on the quiz's grid according to % correct below.
Barracuda
Platypus
Halibut
crane
Fringehead
lumpsucker
Osprey
Malawi Eye Biter
cormorant
Colugo
Stumpknocker
Solenodon
Hellbender
Royal gramma
Olm
 
Answer Stats
Answer % Correct
Barracuda
100%
Halibut
76%
Malawi Eye Biter
52%
Fringehead
38%
Royal gramma
33%
lumpsucker
29%
Stumpknocker
10%
No matching quizzes found
Score Distribution
Percent of People with Each Score
Percentile by Number Answered
Your Score History
You have not taken this quiz